Guess the school subject, with hints - Statistics

General Stats
  • This quiz has been taken 88 times
  • The average score is 10 of 13
Answer Stats
Hint Answer % Correct
Paint, creativity, expression art
99%
Numbers, equations, shapes math
99%
Past, events, civilizations history
95%
Reading, writing, grammar english
91%
Maps, countries, landscapes geography
87%
Experiments, lab, discoveries science
87%
Cells, life, nature biology
84%
Elements, reactions, lab chemistry
84%
Sports, fitness, movement P.E
83%
Forces, motion, energy physics
76%
Acting, stage, performance drama
52%
Computers, coding, networks I.T.
33%
Communication, speaking, learning languages
11%
No matching quizzes found
Score Distribution
Percent of People with Each Score
Percentile by Number Answered
Your Score History
You have not taken this quiz